Party government in the United States of America /

Bibliographic Details
Main Author: Sloane, William Milligan, 1850-1928
Format: Book
Language:English
Published: New York, London : Harper & brothers, 1914.
Subjects:

MARC

Tag First Indicator Second Indicator Subfields
LEADER 00000cam a2200000 4500
001 in00000056231
005 20151008052414.0
008 751106s1914 nyu 00010 eng
010 |a  14015153  
035 |a (OCoLC)01811987 
035 |9 AAH3186AM 
040 |a DLC  |c JPL  |d TXA  |d UtOrBLW 
049 |a TXAM  |c 1 [3720]  |c 2 [4588] 
050 0 0 |a JK2261  |b .S72 
092 |a 342.73  |b S63 
100 1 |a Sloane, William Milligan,  |d 1850-1928. 
245 1 0 |a Party government in the United States of America /  |c by William Milligan Sloane. 
264 1 |a New York,  |a London :  |b Harper & brothers,  |c 1914. 
300 |a xvi. 1 unnumbered page, 450 pages, 1 unnumbered page ;  |c 22 cm. 
336 |a text  |b txt  |2 rdacontent 
337 |a unmediated  |b n  |2 rdamedia 
338 |a volume  |b nc  |2 rdacarrier 
500 |a "All but a few of the chapters in this volume were delivered in German at the universities of Berlin and Munich. The author was Roosevelt professor for the academic year 1912-13."-- Pref. 
650 0 |a Political parties  |z United States. 
651 0 |a United States  |x Politics and government. 
999 |a MARS 
999 f f |s 4e74ab2f-afc6-314b-8784-677d9279dcc7  |i 94b24884-8667-37d0-a67f-247ffc896934  |t 0 
952 f f |p ric  |a Texas A&M University  |b Rellis Campus  |c Joint Library Facility  |d Remote Storage  |t 0  |e JK2261 .S72  |h Library of Congress classification  |i unmediated -- volume  |m A14800788613 
998 f f |a JK2261 .S72  |t 0  |l Remote Storage